000 00746nas a2200265 4500
001 BR0600192
003 BR-BrBNA
005 20231205105749.0
007 ta
008 230509b bl.|||p| |||| 00| 00por d
040 _aBR-BrBNA
_bpor
_cBiblioteca Nacional de Agricultura
041 _a(Pt)
072 _aL02
100 1 _aLopez, S.E.
100 1 _aLopez, J.
245 1 _aSuplementação lipídica para vacas leiteiras
650 _aVACA LEITEIRA
650 _aSUPLEMENTO ALIMENTAR
650 _aSOJA
650 _aLACTAÇÃO
650 _aLIPIDIO
773 0 _tPesquisa Agropecuária Gaúcha (Brazil)
_xISSN 0104-9070
_g(2005), v. 11(1-2) p. 97-106
_wBR0600192
909 _a202311
_bLúcia
_c55
_dLúcia Elande
942 _2AGRIS
_n0
_cANA
999 _c184554
_d184554